000 01296nam a2200217Ia 4500
003 Ost
005 20260507074858.0
008 260507s9999||||xx |||||||||||||| ||und||
040 _cfsecg
041 _aara
082 _a608.7
100 _aالمالكي، مجبل لازم مسلم
_eمؤلف
245 0 _aبراءات الإختراع وأهمية استثمارها مصدرا للمعلومات العلمية والتقنية /
_c مجبل لازم مسلم المالكي
260 _aعمان:
_bمؤسسة الوراق,
_c2006
300 _a331 صفحة؛
_bإيضاحات ؛
_c25 سم
520 _aيضم ماهية الاختراع، تاريخ الاختراع، التعريف ببراءات الاختراع، مكونات وثيقة الاختراع، نظرة تاريخية موجزة، إدارة حقوق الملكية الفكرية، صلاحية براءات الاختراع وشروط منحها، حقوق صاحب البراءة والتزامه، انقضاء البراءة، براءات الاختراع وأهمية إستثمارها مصدرا للمعلومات العلمية والتقنية.
653 _aالتكنولوجيا
653 _aبراءات الاختراع
653 _aحقوق التأليف والنشر
942 _cكتاب
999 _c41627
_d41627